Your right to claim holiday pay (Record no. 62236)
[ view plain ]
| 000 -LEADER | |
|---|---|
| fixed length control field | 00674cam a2200217 4500 |
| 001 - CONTROL NUMBER | |
| control field | ABS61813 |
| 008 - FIXED-LENGTH DATA ELEMENTS--GENERAL INFORMATION | |
| fixed length control field | 000000n1999 000 0 eng u |
| 035 ## - SYSTEM CONTROL NUMBER | |
| System control number | (Sirsi) u103643 |
| 100 ## - MAIN ENTRY--PERSONAL NAME | |
| Personal name | Goodwyn, E. |
| 245 ## - TITLE STATEMENT | |
| Title | Your right to claim holiday pay |
| 260 ## - PUBLICATION, DISTRIBUTION, ETC. | |
| Date of publication, distribution, etc. | 1999 |
| 490 ## - SERIES STATEMENT | |
| Series statement | Construction News |
| Volume/sequential designation | (6646) 16 December 1999, 20-21(2) |
| 520 ## - SUMMARY, ETC. | |
| Summary, etc. | Briefing paper on the Working Time Regulations and the entitlement to paid holidays. Assesses the impact on both workers and employers. Examples. |
| 590 ## - LOCAL NOTE (RLIN) | |
| Local note | ABS |
| 650 ## - SUBJECT ADDED ENTRY--TOPICAL TERM | |
| Topical term or geographic name entry element | WORKING TIME REGULATIONS |
| 650 ## - SUBJECT ADDED ENTRY--TOPICAL TERM | |
| Topical term or geographic name entry element | PAID HOLIDAY |
| 650 ## - SUBJECT ADDED ENTRY--TOPICAL TERM | |
| Topical term or geographic name entry element | WORKERS RIGHTS |
| 650 ## - SUBJECT ADDED ENTRY--TOPICAL TERM | |
| Topical term or geographic name entry element | EMPLOYERS |
| 690 ## - LOCAL SUBJECT ADDED ENTRY--TOPICAL TERM (OCLC, RLIN) | |
| Topical term or geographic name as entry element | LAW |
| 942 ## - ADDED ENTRY ELEMENTS (KOHA) | |
| Suppress in OPAC | 0 |
| Withdrawn status | Lost status | Source of classification or shelving scheme | Damaged status | Not for loan | Home library | Current library | Shelving location | Date acquired | Total Checkouts | Full call number | Barcode | Date last seen | Copy number | Price effective from | Koha item type |
|---|---|---|---|---|---|---|---|---|---|---|---|---|---|---|---|
| Dewey Decimal Classification | London | London | Journal article | 17/01/2000 | ABS61813 | 103643-1001 | 06/08/2019 | 1 | 06/08/2019 | Journal article |